000 00851nas a2200265 4500
001 BR7804160
003 BR-BrBNA
005 20231205083507.0
007 ta
008 230509b bl.|||p| |||| 00| 00por d
040 _aBR-BrBNA
_bpor
_cBiblioteca Nacional de Agricultura
041 _a(Pt)
072 _aL73
100 1 _aCorrea, W.M.
100 1 _aCorrea, C.N.M.
245 1 _aTuberculose e mycobacterioses bovina e suina. Etiologia com vistas a inspecao
650 _aDoenca animal
650 _aBovino
650 _aSUÍNO
650 _aTuberculose
650 _aInspecao sanitaria
773 0 _tComunicacoes Cientificas da Faculdade de Medicina Veterinaria e Zootecnia da Universidade de Sao Paulo (Brazil)
_xISSN 0100-3313
_g(1978), v. 2(3-4) p. 74-79
_wBR7804160
909 _a202311
_bLúcia
_c55
_dLúcia Elande
942 _2AGRIS
_n0
_cANA
999 _c99181
_d99181